Online
Catalog

Curso práctico de Penología y Derecho Penitenciario : (Record no. 50911)

MARC details
000 -CABECERA
campo de control de longitud fija 01581nam a22004097a 4500
003 - IDENTIFICADOR DEL NÚMERO DE CONTROL
campo de control DO-SdBNP
005 - FECHA Y HORA DE LA ÚLTIMA TRANSACCIÓN
campo de control 20260420170825.0
007 - CAMPO FIJO DE DESCRIPCIÓN FÍSICA--INFORMACIÓN GENERAL
campo de control de longitud fija ta
008 - DATOS DE LONGITUD FIJA--INFORMACIÓN GENERAL
campo de control de longitud fija 211110b2018 a|||e |||| 001 0bspa d
020 ## - NÚMERO INTERNACIONAL ESTÁNDAR DEL LIBRO
Número Internacional Estándar del Libro 9789945580457
040 ## - FUENTE DE LA CATALOGACIÓN
Centro catalogador/agencia de origen DO-SdBNP
Lengua de catalogación spa
Centro/agencia transcriptor BNPHU
082 4# - NÚMERO DE LA CLASIFICACIÓN DECIMAL DEWEY
Número de edición 22
Número de clasificación 340.115
Número de documento/Ítem H557c
100 #0 - ENTRADA PRINCIPAL--NOMBRE DE PERSONA
9 (RLIN) 10463
Nombre de persona Hernández, Pedro Pablo
245 10 - MENCIÓN DE TÍTULO
Título Curso práctico de Penología y Derecho Penitenciario :
Resto del título Sociología Jurídica /
Mención de responsabilidad, etc. Pedro Pablo Hernández,
250 ## - MENCIÓN DE EDICIÓN
Mención de edición 2da.
260 ## - PUBLICACIÓN, DISTRIBUCIÓN, ETC.
Lugar de publicación, distribución, etc. Santiago de los Caballeros, Rep. Dom. :
Nombre del editor, distribuidor, etc. UAPA,
Fecha de publicación, distribución, etc. 2018.
300 ## - DESCRIPCIÓN FÍSICA
Extensión 257 p. :
Otras características físicas il.;
Dimensiones 27 cm
490 ## - MENCIÓN DE SERIE
Mención de serie Autoaprendizaje
500 ## - NOTA GENERAL
Nota general Incluye índice de contenido.
504 ## - NOTA DE BIBLIOGRAFÍA, ETC.
Nota de bibliografía, etc. Bibliografía : p. 255 - 257.
505 ## - NOTA DE CONTENIDO CON FORMATO
Nota de contenido con formato Unidad 1. La sociología general y la sociología jurídica.
505 ## - NOTA DE CONTENIDO CON FORMATO
Nota de contenido con formato Unidad II. Relaciones de las sociología jurídica con algunas ciencias sociales.
505 ## - NOTA DE CONTENIDO CON FORMATO
Nota de contenido con formato Unidad III. El objetivo de la sociología jurídica.
505 ## - NOTA DE CONTENIDO CON FORMATO
Nota de contenido con formato Unidad IV. El Poder y el Estado.
505 ## - NOTA DE CONTENIDO CON FORMATO
Nota de contenido con formato Unidad V. El control social jurídico.
505 ## - NOTA DE CONTENIDO CON FORMATO
Nota de contenido con formato Unidad VI. Escuelas sociológicas.
505 ## - NOTA DE CONTENIDO CON FORMATO
Nota de contenido con formato Unidad VII. El delito.
505 ## - NOTA DE CONTENIDO CON FORMATO
Nota de contenido con formato Unidad VIII. Clasificación de los delicuentes.
505 ## - NOTA DE CONTENIDO CON FORMATO
Nota de contenido con formato Respuestas a los ejercicios de Autoevaluación.
505 ## - NOTA DE CONTENIDO CON FORMATO
Nota de contenido con formato Bibliografía general.
590 ## - NOTA LOCAL (RLIN)
Nota local Inventariado, 2021 / SA
650 40 - PUNTO DE ACCESO ADICIONAL DE MATERIA--TÉRMINO DE MATERIA
Término de materia o nombre geográfico como elemento de entrada Jurisprudencia sociológica
9 (RLIN) 4071
700 #1 - PUNTO DE ACCESO ADICIONAL--NOMBRE DE PERSONA
9 (RLIN) 78873
Nombre de persona Tejada Betancourt , Lennys G
Término indicativo de función/relación editor
700 #1 - PUNTO DE ACCESO ADICIONAL--NOMBRE DE PERSONA
9 (RLIN) 38149
Nombre de persona Acosta Hernández, María Luisa
Término indicativo de función/relación Corrección y estilo
910 ## - DATOS DE OPCIÓN DEL USUARIO (OCLC)
Datos de opción del usuario Saquino
942 ## - ELEMENTOS DE PUNTO DE ACCESO ADICIONAL (KOHA)
Fuente del sistema de clasificación o colocación Dewey Decimal Classification
Tipo de ítem Koha Libro
Holdings
Estado de retiro Estado de pérdida Fuente del sistema de clasificación o colocación Restricciones de uso No para préstamo Código de colección Localización permanente Ubicación/localización actual Ubicación en estantería Fecha de adquisición Fuente de adquisición Total de préstamos Signatura topográfica completa Código de barras Fecha visto por última vez Número de copia Precio válido a partir de Tipo de ítem Koha Nota pública
    Dewey Decimal Classification   Préstamo en sala Monografías: Libros y Folletos Biblioteca Nacional Pedro Henríquez Ureña Dominicana En catalogación 21.02.2019 Deposito Legal   BNPHU DS 340.115 H557c 2021-27969 10.11.2021 v.2, e.3 10.11.2021 Libro SA
    Dewey Decimal Classification Excluido de préstamo   Monografías: Libros y Folletos Biblioteca Nacional Pedro Henríquez Ureña Patrimonio Dominicano En catalogación 21.03.2019 Deposito Legal   BNPHU PD 340.115 H557c 2021-27967 10.11.2021 v.2 10.11.2021 Libro S/A
    Dewey Decimal Classification Excluido de préstamo   Monografías: Libros y Folletos Biblioteca Nacional Pedro Henríquez Ureña Patrimonio Dominicano En catalogación 21.03.2019 Deposito Legal   BNPHU PD 340.115 H557c 2021-27968 10.11.2021 v.2, e.2 10.11.2021 Libro S/A

Powered by Koha